گوشت کاناغہ؛ سبزیاں، دالیںاوربیسن کےپکوان / (Record no. 42511)
[ view plain ]
| 000 -LEADER | |
|---|---|
| fixed length control field | 00921nam a22002417a 4500 |
| 005 - DATE AND TIME OF LATEST TRANSACTION | |
| control field | 20100819111616.0 |
| 008 - FIXED-LENGTH DATA ELEMENTS--GENERAL INFORMATION | |
| fixed length control field | 090109t xxu||||| |||| 00| 0urd d |
| 010 ## - LCCN (DPL NO) | |
| LC control number | UR-7777 |
| 020 ## - INTERNATIONAL STANDARD BOOK NUMBER | |
| Terms of availability | 30.00 |
| International Standard Book Number | 8183140165 |
| 035 ## - SYSTEM CONTROL NUMBER | |
| System control number | U-6332 |
| 040 ## - CATALOGING SOURCE | |
| Original cataloging agency | dpl |
| Language of cataloging | urd |
| 082 ## - DEWEY DECIMAL CLASSIFICATION NUMBER | |
| Classification number | 641.5 |
| 100 ## - MAIN ENTRY--PERSONAL NAME | |
| 9 (RLIN) | 12785 |
| 245 ## - TITLE STATEMENT | |
| Title | گوشت کاناغہ؛ سبزیاں، دالیںاوربیسن کےپکوان / |
| Statement of responsibility, etc | نجمہ فاروقی |
| 246 ## - VARYING FORM OF TITLE | |
| Title proper/short title | Gosht Ka Nagha / |
| Remainder of title | compiled by Najma Farooqi |
| 260 ## - PUBLICATION, DISTRIBUTION, ETC. (IMPRINT) | |
| Place of publication, distribution, etc | نئ دہلی |
| Date of publication, distribution, etc | 2005 |
| Name of publisher, distributor, etc | فیصل پبلیکیشنز |
| 270 ## - ADDRESS | |
| Address | 3004/2, Sir Sayyed Ahmad Road, Daryaganj |
| City | New Delhi |
| Postal code | 110002 |
| 300 ## - PHYSICAL DESCRIPTION | |
| Extent | 96 ص |
| Dimensions | 18 س م (Pbk) |
| 650 ## - SUBJECT ADDED ENTRY--TOPICAL TERM | |
| Source of heading or term | critisim |
| 9 (RLIN) | 12786 |
| 700 ## - ADDED ENTRY--PERSONAL NAME | |
| 9 (RLIN) | 13044 |
| 942 ## - ADDED ENTRY ELEMENTS (KOHA) | |
| Source of classification or shelving scheme | Dewey Decimal Classification |
| Item type | Urdu Bks |
| Classification part | 641.5 |
| Call number suffix | ن ج م |
| Withdrawn status | Lost status | Source of classification or shelving scheme | Damaged status | Not for loan | Collection code | Home library | Current library | Date acquired | Source of acquisition | Cost, normal purchase price | Total Checkouts | Full call number | Barcode | Date last seen | Copy number | Cost, replacement price | Koha item type |
|---|---|---|---|---|---|---|---|---|---|---|---|---|---|---|---|---|---|
| Dewey Decimal Classification | Not For Loan | Non-fiction | D.B.Act.Division | D.B.Act.Division | 19/08/2010 | DBAD/PUB | 30.00 | 641.5 ن ج م | U-6332 | 19/08/2010 | 1 | 30.00 | Urdu Bks |
